[Event "Russian Championship HL 2021_Men"]
[Site "?"]
[Date "2021.06.28"]
[Round "3.27"]
[White "Gitelson, Arkady"]
[Black "Nurachev, Abdul"]
[Result "1-0"]
[WhiteElo "2230"]
[BlackElo "1773"]
[Annotator ""]
[Source ""]
[Remark ""]

1.Nf3 d5 2.g3 Nf6 3.Bg2 c6 4.O-O Bg4 5.d4 e6 6.Nbd2 Nbd7 7.Re1
Be7 8.e4 dxe4 9.Nxe4 Nxe4 10.Rxe4 Nf6 11.Re1 O-O 12.c3 Nd5 13.Qb3
Bxf3 14.Bxf3 Qb6 15.Kg2 Bf6 16.h4 Rfd8 17.Qc4 Rac8 18.a4 c5 19.a5
Qd6 20.dxc5 Rxc5 21.Qe4 Nxc3 22.bxc3 Re5 23.Qxb7 Rxe1 24.Bf4
Rxa1 25.Bxd6 Rxd6 26.Qxa7 g6 27.Qb8+ Rd8 28.Qb6 Rd2 29.a6 Rda2
30.Bb7 Bxc3 31.h5 Bg7 32.Qc7 Bh6 33.Qb8+ Kg7 34.Qe5+ Kg8 35.Kh3
Ra5 36.Qb8+ Kg7 37.hxg6 hxg6 38.Qd6 Bg5 39.Qc7 Bf6 40.Bc8 Kg8
41.Qb8 Be5 42.a7 Kh7 43.a8Q Bxb8 44.Qxb8 Rf5 45.Qb2 Rf1 46.f4
Rh5+ 47.Kg2 Rd1 48.Bb7 Rd7 49.Be4 Rc5 50.Qf6 Rc4 51.Kf3 Rc5 52.g4
Rdc7 53.Kg3 Rc3+ 54.Kh4 R3c5 55.Bd3 Rd5 56.Bc2 Rdc5 57.Ba4 Rc1
58.Be8 Kg8 59.Bxf7+ Rxf7 60.Qxg6+ Kf8 61.Qxe6 Rh1+ 62.Kg3 Rfh7
63.g5 Rg1+ 64.Kf3 Rf1+ 65.Kg2 Rhh1 66.Qc8+ Kg7 67.Qc3+ Kf8 68.Qb4+
Kg7 69.Qd4+ Kf8 70.f5 Ra1 71.g6 Rhd1 72.Qf6+ Ke8 73.Qf7+ Kd8
74.g7 Rg1+ 75.Kf3 Rgf1+ 76.Kg3 Rg1+ 77.Kf4 Rgf1+ 78.Kg5 Rg1+
79.Kf6 Ra6+ 80.Ke5 Ra5+ 81.Kd6 Ra6+ 82.Kc5 Ra5+ 83.Kb4 Rxf5 84.Qxf5
Rxg7 85.Qf8+ 1-0

[Event "Russian Higher League 2021"]
[Site "?"]
[Date "2021.06.29"]
[Round "4.1"]
[White "Chigaev, Maksim"]
[Black "Ponkratov, Pavel"]
[Result "1/2-1/2"]
[WhiteElo "2630"]
[BlackElo "2627"]
[Annotator ""]
[Source ""]
[Remark ""]

1.e4 {[%clk 1:30:55]} e6 {[%clk 1:30:56]} 2.d4 {[%clk 1:31:17]}
d5 {[%clk 1:31:23]} 3.Nc3 {[%clk 1:31:37]} Bb4 {[%clk 1:31:49]}
4.e5 {[%clk 1:31:59]} c5 {[%clk 1:32:16]} 5.a3 {[%clk 1:32:24]}
Bxc3+ {[%clk 1:32:42]} 6.bxc3 {[%clk 1:32:48]} Qa5 {[%clk 1:33:09]}
7.Bd2 {[%clk 1:33:09]} Qa4 {[%clk 1:33:36]} 8.Qg4 {[%clk 1:32:41]}
Kf8 {[%clk 1:34:00]} 9.Bd3 {[%clk 1:32:33]} Nc6 {[%clk 1:34:23]}
10.Nf3 {[%clk 1:32:40]} c4 {[%clk 1:34:42]} 11.Be2 {[%clk 1:33:04]}
Qxc2 {[%clk 1:35:03]} 12.O-O {[%clk 1:33:13]} Nge7 {[%clk 1:34:12]}
13.Bd1 {[%clk 1:20:51]} Qg6 {[%clk 1:34:33]} 14.Qh4 {[%clk 1:14:14]}
Bd7 {[%clk 1:34:56]} 15.Rc1 {[%clk 1:04:29]} Nf5 {[%clk 1:34:41]}
16.Qf4 {[%clk 1:04:44]} h5 {[%clk 1:32:51]} 17.h3 {[%clk 1:02:37]}
Na5 {[%clk 1:33:16]} 18.Bc2 {[%clk 1:02:50]} Nb3 {[%clk 1:32:42]}
19.Rb1 {[%clk 1:03:11]} b6 {[%clk 1:19:31]} 20.Rfe1 {[%clk 0:57:48]}
h4 {[%clk 1:12:42]} 21.Be3 {[%clk 0:56:04]} Ba4 {[%clk 1:04:49]}
22.Rb2 {[%clk 0:44:17]} Rc8 {[%clk 0:58:58]} 23.Nxh4 {[%clk 0:41:23]}
Rxh4 {[%clk 0:59:19]} 24.Bxf5 {[%clk 0:41:47]} Rxf4 {[%clk 0:59:37]}
25.Bxg6 {[%clk 0:42:13]} Rxd4 {[%clk 1:00:00]} 26.Bxd4 {[%clk 0:39:46]}
fxg6 {[%clk 0:59:05]} 27.Rd1 {[%clk 0:38:08]} Ke7 {[%clk 0:56:35]}
28.Re2 {[%clk 0:35:07]} Rf8 {[%clk 0:53:49]} 29.f3 {[%clk 0:34:10]}
Kd7 {[%clk 0:53:44]} 30.Kf2 {[%clk 0:33:32]} Kc6 {[%clk 0:53:50]}
31.Ke3 {[%clk 0:33:49]} Kb5 {[%clk 0:53:50]} 32.h4 {[%clk 0:30:45]}
Ka5 {[%clk 0:53:23]} 33.Rh1 {[%clk 0:30:30]} Be8 {[%clk 0:53:44]}
34.Rf2 {[%clk 0:30:05]} Ka4 {[%clk 0:51:12]} 35.f4 {[%clk 0:28:12]}
Kxa3 {[%clk 0:40:01]} 36.g4 {[%clk 0:26:24]} a5 {[%clk 0:35:43]}
37.Bxb6 {[%clk 0:24:12]} Ka4 {[%clk 0:35:52]} 38.Bd4 {[%clk 0:21:21]}
Kb5 {[%clk 0:36:13]} 39.h5 {[%clk 0:08:52]} gxh5 {[%clk 0:35:23]}
40.f5 {[%clk 0:36:09]} a4 {[%clk 0:58:09]} 41.Rhf1 {[%clk 0:21:31]}
hxg4 {[%clk 0:50:27]} 42.fxe6 {[%clk 0:11:57]} Rxf2 {[%clk 0:50:50]}
43.Rxf2 {[%clk 0:12:25]} a3 {[%clk 0:51:14]} 44.e7 {[%clk 0:10:26]}
Nxd4 {[%clk 0:30:54]} 45.Kxd4 {[%clk 0:09:10]} g3 {[%clk 0:31:18]}
46.Rg2 {[%clk 0:08:48]} Ka4 {[%clk 0:31:36]} 47.Rxg3 {[%clk 0:03:46]}
a2 {[%clk 0:31:53]} 48.Rg1 {[%clk 0:04:11]} Kb3 {[%clk 0:32:21]}
49.e6 {[%clk 0:03:20]} Kb2 {[%clk 0:27:19]} 50.Rg2+ {[%clk 0:03:28]}
Ka3 {[%clk 0:27:44]} 51.Rg1 {[%clk 0:03:47]} Kb3 {[%clk 0:28:06]}
52.Rf1 {[%clk 0:01:41]} g5 {[%clk 0:24:28]} 53.Kxd5 {[%clk 0:01:54]}
Ba4 {[%clk 0:20:15]} 54.Kd4 {[%clk 0:00:36]} g4 {[%clk 0:20:37]}
55.Rg1 {[%clk 0:00:53]} g3 {[%clk 0:21:00]} 56.Re1 {[%clk 0:01:08]}
Be8 {[%clk 0:21:02]} 57.Rg1 {[%clk 0:01:26]} Bg6 {[%clk 0:19:15]}
58.Re1 {[%clk 0:00:42]} Bh5 {[%clk 0:19:27]} 59.Rh1 {[%clk 0:00:50]}
Be8 {[%clk 0:17:46]} 60.Re1 {[%clk 0:01:05]} g2 {[%clk 0:15:03]}
61.Rd1 {[%clk 0:01:28]} Kb2 {[%clk 0:15:08]} 62.Rd2+ {[%clk 0:01:51]}
Ka3 {[%clk 0:15:34]} 63.Rd1 {[%clk 0:02:16]} Kb3 {[%clk 0:15:59]}
64.Re1 {[%clk 0:02:39]} Ba4 {[%clk 0:15:47]} 65.Rg1 {[%clk 0:02:19]}
Be8 {[%clk 0:14:39]} 66.Rd1 {[%clk 0:01:16]} Bg6 {[%clk 0:14:00]}
67.Re1 {[%clk 0:01:37]} Bh5 {[%clk 0:08:56]} 68.Ke4 1/2-1/2

[Event "Russian Higher League 2021"]
[Site "?"]
[Date "2021.06.29"]
[Round "4.2"]
[White "Antipov, Mikhail Al."]
[Black "Motylev, Alexander"]
[Result "1-0"]
[WhiteElo "2596"]
[BlackElo "2639"]
[Annotator ""]
[Source ""]
[Remark ""]

1.e4 {[%clk 1:30:58]} e5 {[%clk 1:30:52]} 2.Nf3 {[%clk 1:31:24]}
Nc6 {[%clk 1:31:11]} 3.Bc4 {[%clk 1:31:49]} Nf6 {[%clk 1:31:23]}
4.d3 {[%clk 1:32:13]} Bc5 {[%clk 1:31:45]} 5.O-O {[%clk 1:32:36]}
d6 {[%clk 1:32:00]} 6.c3 {[%clk 1:33:01]} a6 {[%clk 1:32:22]}
7.Re1 {[%clk 1:33:04]} Ba7 {[%clk 1:32:18]} 8.a4 {[%clk 1:33:21]}
Ng4 {[%clk 1:32:25]} 9.Re2 {[%clk 1:32:15]} O-O {[%clk 1:32:35]}
10.h3 {[%clk 1:24:05]} Nf6 {[%clk 1:32:07]} 11.Re1 {[%clk 1:24:30]}
Be6 {[%clk 1:29:33]} 12.Bxe6 {[%clk 1:24:54]} fxe6 {[%clk 1:29:59]}
13.Be3 {[%clk 1:25:20]} Nh5 {[%clk 1:28:47]} 14.Bxa7 {[%clk 1:20:29]}
Rxa7 {[%clk 1:28:54]} 15.Re3 {[%clk 1:20:30]} Nf4 {[%clk 1:27:32]}
16.Nbd2 {[%clk 1:14:29]} Qf6 {[%clk 1:26:52]} 17.Qf1 {[%clk 1:12:30]}
Qh6 {[%clk 1:09:01]} 18.Kh2 {[%clk 0:58:41]} Kh8 {[%clk 0:48:00]}
19.g3 {[%clk 0:57:55]} g5 {[%clk 0:47:13]} 20.gxf4 {[%clk 0:44:03]}
exf4 {[%clk 0:45:08]} 21.Ree1 {[%clk 0:44:28]} g4 {[%clk 0:45:11]}
22.d4 {[%clk 0:42:24]} Rg8 {[%clk 0:32:48]} 23.Ng1 {[%clk 0:28:47]}
f3 {[%clk 0:20:35]} 24.Ndxf3 {[%clk 0:27:25]} Raa8 {[%clk 0:05:37]}
25.Re3 {[%clk 0:22:50]} Raf8 {[%clk 0:05:48]} 26.Qe2 {[%clk 0:21:02]}
gxf3 {[%clk 0:01:53]} 27.Rxf3 {[%clk 0:18:47]} Ne7 {[%clk 0:01:53]}
28.Qe3 {[%clk 0:16:44]} Qh5 {[%clk 0:01:43]} 29.Rg3 {[%clk 0:02:55]}
Ng6 {[%clk 0:02:08]} 30.Ne2 {[%clk 0:03:09]} Nh4 {[%clk 0:01:49]}
31.Nf4 {[%clk 0:03:01]} Qh6 {[%clk 0:01:24]} 32.Rxg8+ {[%clk 0:03:20]}
Rxg8 {[%clk 0:01:47]} 33.Rg1 {[%clk 0:03:43]} Rxg1 {[%clk 0:00:48]}
34.Kxg1 {[%clk 0:04:12]} e5 {[%clk 0:00:33]} 35.dxe5 {[%clk 0:03:25]}
Qg5+ {[%clk 0:00:41]} 36.Qg3 {[%clk 0:02:46]} dxe5 {[%clk 0:00:57]}
37.Qxg5 {[%clk 0:01:07]} Nf3+ {[%clk 0:01:22]} 38.Kg2 {[%clk 0:01:33]}
Nxg5 {[%clk 0:01:47]} 39.Nd3 {[%clk 0:00:42]} Nxe4 {[%clk 0:02:09]}
40.Nxe5 {[%clk 0:30:36]} a5 {[%clk 0:31:20]} 41.Nd3 {[%clk 0:30:42]}
Kg7 {[%clk 0:30:39]} 42.Kf3 {[%clk 0:27:28]} Ng5+ {[%clk 0:29:51]}
43.Kg4 {[%clk 0:27:18]} Kf6 {[%clk 0:30:16]} 44.h4 {[%clk 0:11:21]}
Ne4 {[%clk 0:27:36]} 45.Kf4 {[%clk 0:11:31]} Nd6 {[%clk 0:27:36]}
46.Nc5 {[%clk 0:11:06]} Ke7 {[%clk 0:27:30]} 47.Ne4 {[%clk 0:10:54]}
Nf7 {[%clk 0:25:06]} 48.Ng5 {[%clk 0:09:15]} Nd6 {[%clk 0:25:31]}
49.b3 {[%clk 0:09:24]} b5 {[%clk 0:14:49]} 50.Ne4 {[%clk 0:08:53]}
bxa4 {[%clk 0:14:52]} 51.Nxd6 {[%clk 0:08:53]} 1-0

[Event "Russian Higher League 2021"]
[Site "?"]
[Date "2021.06.29"]
[Round "4.4"]
[White "Matlakov, Maxim"]
[Black "Kobalia, Mikhail"]
[Result "1/2-1/2"]
[WhiteElo "2688"]
[BlackElo "2596"]
[Annotator ""]
[Source ""]
[Remark ""]

1.e4 e5 2.Nf3 Nc6 3.Bb5 Nf6 4.O-O Nxe4 5.d4 Nd6 6.Bxc6 dxc6 7.dxe5
Nf5 8.Qxd8+ Kxd8 9.Rd1+ Ke8 10.Nc3 Be7 11.g4 Nh4 12.Nxh4 Bxh4
13.Kg2 Be7 14.h3 h5 15.f3 Be6 16.Ne2 Rd8 17.Rxd8+ Bxd8 18.b3
Be7 19.Bb2 hxg4 20.hxg4 Bg5 21.Rd1 Rh7 22.Ng3 b6 23.Nh5 g6 24.Nf6+
Bxf6 25.exf6 Bd7 26.Kg3 Kd8 27.Re1 Be6 28.f4 Rh8 29.Re5 Re8 30.f5
gxf5 31.gxf5 Bd5 32.Rxe8+ Kxe8 33.Kf4 Kd7 34.Ke3 c5 35.Be5 b5
36.Kd3 Bg2 37.Bg3 Kc6 38.a3 a5 39.Be1 b4 40.axb4 cxb4 41.c3 1/2-1/2

[Event "Russian Higher League 2021"]
[Site "?"]
[Date "2021.06.29"]
[Round "4.5"]
[White "Zakhartsov, Vladimir"]
[Black "Predke, Alexandr"]
[Result "1/2-1/2"]
[WhiteElo "2506"]
[BlackElo "2683"]
[Annotator ""]
[Source ""]
[Remark ""]

1.d4 {[%clk 1:30:53]} Nf6 {[%clk 1:27:23]} 2.c4 {[%clk 1:31:14]}
e6 {[%clk 1:27:49]} 3.Nc3 {[%clk 1:31:38]} Bb4 {[%clk 1:28:11]}
4.e3 {[%clk 1:32:03]} O-O {[%clk 1:28:33]} 5.Bd2 {[%clk 1:32:26]}
d5 {[%clk 1:28:38]} 6.Nf3 {[%clk 1:32:48]} Nbd7 {[%clk 1:28:41]}
7.Rc1 {[%clk 1:30:57]} c6 {[%clk 1:29:01]} 8.Bd3 {[%clk 1:29:55]}
Qe7 {[%clk 1:27:05]} 9.O-O {[%clk 1:30:16]} dxc4 {[%clk 1:26:58]}
10.Bxc4 {[%clk 1:30:40]} e5 {[%clk 1:27:19]} 11.Qc2 {[%clk 1:25:02]}
Bxc3 {[%clk 1:26:24]} 12.Bxc3 {[%clk 1:24:45]} e4 {[%clk 1:26:40]}
13.Ne5 {[%clk 1:20:36]} Nb6 {[%clk 1:27:05]} 14.Be2 {[%clk 1:18:31]}
Bf5 {[%clk 1:12:52]} 15.Qd2 {[%clk 1:07:06]} Nfd5 {[%clk 1:06:16]}
16.Rfe1 {[%clk 0:59:42]} f6 {[%clk 0:53:05]} 17.Nc4 {[%clk 0:59:58]}
Be6 {[%clk 0:53:26]} 18.b3 {[%clk 0:54:06]} f5 {[%clk 0:41:24]}
19.Bb2 {[%clk 0:51:21]} f4 {[%clk 0:40:51]} 20.Ba3 {[%clk 0:42:47]}
Qg5 {[%clk 0:26:23]} 21.Bf1 {[%clk 0:29:53]} f3 {[%clk 0:15:44]}
22.Bd6 {[%clk 0:29:17]} fxg2 {[%clk 0:14:21]} 23.Bxg2 {[%clk 0:29:39]}
Bh3 {[%clk 0:14:45]} 24.Bg3 {[%clk 0:30:05]} Bxg2 {[%clk 0:15:07]}
25.Kxg2 {[%clk 0:30:24]} h5 {[%clk 0:04:02]} 26.h4 {[%clk 0:30:20]}
Qf5 {[%clk 0:03:16]} 27.Nd6 {[%clk 0:30:11]} Qg6 {[%clk 0:01:38]}
28.Qc2 {[%clk 0:15:43]} Rae8 {[%clk 0:02:03]} 29.Nxe8 {[%clk 0:15:38]}
Rxe8 {[%clk 0:02:30]} 30.Kh2 {[%clk 0:13:36]} Nb4 {[%clk 0:00:52]}
31.Qd2 {[%clk 0:12:15]} Nd3 {[%clk 0:01:13]} 32.Rg1 {[%clk 0:12:40]}
Qg4 {[%clk 0:00:43]} 33.f3 {[%clk 0:11:12]} Qxf3 {[%clk 0:00:54]}
34.Rcf1 {[%clk 0:11:32]} Qg4 {[%clk 0:01:23]} 35.Be1 {[%clk 0:10:24]}
Qd7 {[%clk 0:01:50]} 36.Rg5 {[%clk 0:09:18]} Nd5 {[%clk 0:01:42]}
37.Bg3 {[%clk 0:09:12]} Re6 {[%clk 0:01:22]} 38.Be5 {[%clk 0:07:51]}
Nxe5 {[%clk 0:01:23]} 39.dxe5 {[%clk 0:08:17]} Nf6 {[%clk 0:00:41]}
40.Qxd7 {[%clk 0:36:26]} Nxd7 {[%clk 0:31:10]} 41.Rxh5 {[%clk 0:34:41]}
Nxe5 {[%clk 0:30:54]} 42.Kg3 {[%clk 0:29:20]} g6 {[%clk 0:22:53]}
43.Rg5 {[%clk 0:29:16]} Kg7 {[%clk 0:23:21]} 44.Kh3 {[%clk 0:24:54]}
c5 {[%clk 0:18:23]} 45.Rg2 {[%clk 0:23:14]} c4 {[%clk 0:15:39]}
46.bxc4 {[%clk 0:22:59]} Nxc4 {[%clk 0:16:04]} 47.Rg3 {[%clk 0:23:19]}
Kh6 {[%clk 0:15:00]} 48.Rf8 {[%clk 0:23:12]} Nd6 {[%clk 0:13:27]}
49.h5 {[%clk 0:21:48]} g5 {[%clk 0:12:32]} 50.Kg4 {[%clk 0:20:19]}
Kg7 {[%clk 0:10:42]} 51.Ra8 {[%clk 0:19:46]} Re5 {[%clk 0:09:20]}
52.Rxa7 {[%clk 0:18:59]} Kh6 {[%clk 0:09:49]} 53.Rg1 {[%clk 0:16:42]}
Nc4 {[%clk 0:10:16]} 54.Re1 {[%clk 0:16:08]} Rb5 {[%clk 0:10:44]}
55.a4 {[%clk 0:16:12]} Rb3 {[%clk 0:10:19]} 56.Kf5 {[%clk 0:15:44]}
Nxe3+ {[%clk 0:10:09]} 57.Kxe4 {[%clk 0:16:08]} Ng2 {[%clk 0:10:31]}
58.Rg1 {[%clk 0:15:03]} Rb4+ {[%clk 0:09:37]} 59.Ke5 {[%clk 0:12:51]}
Nh4 {[%clk 0:10:03]} 60.Kd6 {[%clk 0:12:29]} Nf3 {[%clk 0:08:41]}
61.Rg3 {[%clk 0:11:06]} g4 {[%clk 0:08:30]} 62.Kc5 {[%clk 0:11:27]}
Rf4 {[%clk 0:07:12]} 63.a5 {[%clk 0:11:42]} Nd2 {[%clk 0:04:12]}
64.Rg2 {[%clk 0:08:40]} Nb3+ {[%clk 0:04:29]} 65.Kb5 {[%clk 0:08:13]}
Kxh5 {[%clk 0:04:35]} 66.Rxb7 {[%clk 0:08:07]} Rf5+ {[%clk 0:04:58]}
67.Kb4 {[%clk 0:05:14]} Nxa5 {[%clk 0:05:24]} 68.Rh7+ {[%clk 0:05:04]}
Kg5 {[%clk 0:05:27]} 69.Rg7+ {[%clk 0:04:15]} Kf6 {[%clk 0:05:32]}
70.Rc7 {[%clk 0:04:40]} Kg5 {[%clk 0:06:00]} 71.Rg1 {[%clk 0:03:56]}
Kh4 {[%clk 0:04:35]} 72.Ka4 {[%clk 0:03:39]} Kg5 {[%clk 0:02:34]}
73.Rg7+ {[%clk 0:04:02]} Kf6 {[%clk 0:03:03]} 74.R7xg4 {[%clk 0:02:19]}
Nb7 {[%clk 0:03:28]} 75.Rg6+ {[%clk 0:02:35]} Ke5 {[%clk 0:03:56]}
76.Re1+ {[%clk 0:02:53]} Kd5 {[%clk 0:03:24]} 77.Rd1+ {[%clk 0:03:12]}
Kc5 {[%clk 0:03:37]} 78.Rc1+ {[%clk 0:02:50]} Kd5 {[%clk 0:03:04]}
79.Rd1+ {[%clk 0:02:27]} Kc5 {[%clk 0:03:20]} 80.Rd7 {[%clk 0:02:43]}
Rf4+ {[%clk 0:03:21]} 81.Ka3 {[%clk 0:03:12]} Na5 {[%clk 0:02:11]}
82.Rc7+ {[%clk 0:02:39]} Kb5 {[%clk 0:02:36]} 83.Rg5+ {[%clk 0:02:23]}
Kb6 {[%clk 0:03:01]} 84.Rh7 {[%clk 0:02:38]} Nc6 {[%clk 0:02:42]}
85.Rh6 {[%clk 0:03:03]} Rc4 {[%clk 0:03:01]} 86.Kb3 {[%clk 0:03:25]}
Rc5 {[%clk 0:03:04]} 87.Rg7 {[%clk 0:03:34]} Rc1 {[%clk 0:03:13]}
88.Rhh7 {[%clk 0:03:54]} Na5+ {[%clk 0:03:19]} 89.Kb2 {[%clk 0:04:10]}
Rc5 {[%clk 0:03:36]} 90.Rg6+ {[%clk 0:04:28]} Nc6 {[%clk 0:03:59]}
91.Rh3 {[%clk 0:04:21]} Rb5+ {[%clk 0:04:07]} 92.Kc3 {[%clk 0:04:44]}
Rc5+ {[%clk 0:04:25]} 93.Kd3 {[%clk 0:05:06]} Kb5 {[%clk 0:04:38]}
94.Rg8 {[%clk 0:05:12]} Kb4 {[%clk 0:04:03]} 95.Rh1 {[%clk 0:05:17]}
Rc3+ {[%clk 0:03:02]} 96.Kd2 {[%clk 0:05:40]} Rc4 {[%clk 0:03:09]}
97.Rc8 {[%clk 0:05:52]} Kb5 {[%clk 0:03:02]} 98.Rh6 {[%clk 0:05:02]}
Rd4+ {[%clk 0:02:59]} 99.Ke3 {[%clk 0:05:17]} Rc4 {[%clk 0:03:27]}
100.Rh1 {[%clk 0:05:22]} Kb6 {[%clk 0:03:26]} 101.Rb1+ {[%clk 0:05:42]}
Kc5 {[%clk 0:03:49]} 102.Rd1 {[%clk 0:05:09]} Kb6 {[%clk 0:03:53]}
103.Rd6 {[%clk 0:05:22]} Kb5 {[%clk 0:04:08]} 104.Rh8 {[%clk 0:05:16]}
Kc5 {[%clk 0:04:13]} 105.Rhh6 {[%clk 0:05:26]} Kb5 {[%clk 0:04:07]}
106.Rdg6 {[%clk 0:05:45]} Rc3+ {[%clk 0:04:05]} 107.Kd2 {[%clk 0:05:46]}
Rc4 {[%clk 0:04:24]} 108.Re6 {[%clk 0:06:12]} Rd4+ {[%clk 0:04:40]}
109.Ke3 {[%clk 0:06:38]} Rc4 {[%clk 0:05:07]} 110.Rh5+ {[%clk 0:06:54]}
Kb6 {[%clk 0:05:00]} 111.Kd3 {[%clk 0:07:18]} Rc1 {[%clk 0:05:01]}
112.Rhh6 {[%clk 0:07:29]} Kb5 {[%clk 0:05:21]} 113.Rxc6 {[%clk 0:07:55]}
Rxc6 {[%clk 0:05:48]} 114.Rxc6 {[%clk 0:08:22]} Kxc6 {[%clk 0:06:14]}
115.Ke4 {[%clk 0:05:59]} 1/2-1/2

[Event "Russian Higher League 2021"]
[Site "?"]
[Date "2021.06.29"]
[Round "4.6"]
[White "Murzin, Volodar"]
[Black "Dreev, Aleksey"]
[Result "1/2-1/2"]
[WhiteElo "2502"]
[BlackElo "2647"]
[Annotator ""]
[Source ""]
[Remark ""]

1.e4 {[%clk 1:30:57]} c6 {[%clk 1:30:54]} 2.Nf3 {[%clk 1:31:11]}
d5 {[%clk 1:31:18]} 3.exd5 {[%clk 1:31:37]} cxd5 {[%clk 1:31:44]}
4.Ne5 {[%clk 1:32:02]} a6 {[%clk 1:31:28]} 5.d4 {[%clk 1:32:19]}
Nc6 {[%clk 1:31:50]} 6.c4 {[%clk 1:32:03]} Nxe5 {[%clk 1:31:33]}
7.dxe5 {[%clk 1:32:27]} e6 {[%clk 1:31:57]} 8.cxd5 {[%clk 1:32:52]}
Qxd5 {[%clk 1:32:03]} 9.Qxd5 {[%clk 1:32:16]} exd5 {[%clk 1:32:26]}
10.Nc3 {[%clk 1:28:13]} Bb4 {[%clk 1:31:27]} 11.Bd2 {[%clk 1:21:56]}
Bf5 {[%clk 1:25:24]} 12.Na4 {[%clk 1:18:43]} Bxd2+ {[%clk 1:15:09]}
13.Kxd2 {[%clk 1:19:04]} Rc8 {[%clk 1:14:51]} 14.Rc1 {[%clk 1:09:57]}
Rxc1 {[%clk 1:10:59]} 15.Kxc1 {[%clk 1:09:49]} Ne7 {[%clk 1:10:51]}
16.Kd2 {[%clk 1:02:26]} Nc6 {[%clk 0:35:33]} 17.Nc5 {[%clk 0:52:54]}
Bc8 {[%clk 0:23:31]} 18.f4 {[%clk 0:45:28]} g5 {[%clk 0:22:09]}
19.fxg5 {[%clk 0:45:09]} Ke7 {[%clk 0:22:13]} 20.Nd3 {[%clk 0:43:17]}
Bf5 {[%clk 0:20:42]} 21.Nf4 {[%clk 0:39:47]} Be6 {[%clk 0:17:49]}
22.Nd3 {[%clk 0:30:09]} Bf5 {[%clk 0:16:13]} 23.Nf4 {[%clk 0:28:11]}
Be6 {[%clk 0:16:22]} 24.Nd3 {[%clk 0:24:18]} 1/2-1/2

[Event "Russian Higher League 2021"]
[Site "?"]
[Date "2021.06.29"]
[Round "4.7"]
[White "Sarana, Alexey"]
[Black "Iljiushenok, Ilia"]
[Result "1-0"]
[WhiteElo "2640"]
[BlackElo "2530"]
[Annotator ""]
[Source ""]
[Remark ""]

1.d4 {[%clk 1:30:57]} Nf6 {[%clk 1:30:54]} 2.c4 {[%clk 1:31:22]}
g6 {[%clk 1:31:11]} 3.Nf3 {[%clk 1:31:45]} Bg7 {[%clk 1:31:35]}
4.g3 {[%clk 1:32:11]} O-O {[%clk 1:31:55]} 5.Bg2 {[%clk 1:32:17]}
d6 {[%clk 1:31:56]} 6.O-O {[%clk 1:32:37]} c6 {[%clk 1:31:15]}
7.Nc3 {[%clk 1:32:54]} Bf5 {[%clk 1:31:39]} 8.Ng5 {[%clk 1:33:05]}
e5 {[%clk 1:29:37]} 9.d5 {[%clk 1:33:16]} Qe7 {[%clk 1:28:09]}
10.dxc6 {[%clk 1:29:42]} bxc6 {[%clk 1:26:15]} 11.e4 {[%clk 1:28:30]}
Bg4 {[%clk 1:25:13]} 12.Qd2 {[%clk 1:28:47]} h6 {[%clk 1:16:36]}
13.h3 {[%clk 1:28:51]} Bc8 {[%clk 1:16:25]} 14.Nf3 {[%clk 1:29:16]}
c5 {[%clk 1:12:02]} 15.b3 {[%clk 1:25:15]} Nc6 {[%clk 1:08:20]}
16.Bb2 {[%clk 1:25:39]} Rb8 {[%clk 1:06:06]} 17.Kh2 {[%clk 1:24:28]}
Nd4 {[%clk 1:04:04]} 18.Ne1 {[%clk 1:23:49]} Be6 {[%clk 0:58:12]}
19.Nd3 {[%clk 1:23:11]} h5 {[%clk 0:55:47]} 20.Rae1 {[%clk 1:19:42]}
h4 {[%clk 0:44:21]} 21.Nd5 {[%clk 1:19:06]} Nxd5 {[%clk 0:38:00]}
22.exd5 {[%clk 1:18:09]} Bf5 {[%clk 0:37:09]} 23.Bxd4 {[%clk 1:15:54]}
cxd4 {[%clk 0:37:13]} 24.Nb4 {[%clk 1:16:20]} Bd7 {[%clk 0:29:00]}
25.Nc6 {[%clk 1:15:42]} Bxc6 {[%clk 0:29:26]} 26.dxc6 {[%clk 1:16:09]}
Rbe8 {[%clk 0:29:30]} 27.Bd5 {[%clk 1:15:40]} Kh7 {[%clk 0:29:18]}
28.g4 {[%clk 1:12:18]} Bh6 {[%clk 0:16:29]} 29.f4 {[%clk 1:10:11]}
f6 {[%clk 0:16:58]} 30.Qd3 {[%clk 1:04:58]} Qg7 {[%clk 0:15:15]}
31.f5 {[%clk 0:58:53]} Bf4+ {[%clk 0:15:31]} 32.Rxf4 {[%clk 0:56:38]}
exf4 {[%clk 0:15:56]} 33.fxg6+ {[%clk 0:57:03]} Kh6 {[%clk 0:08:58]}
34.Rxe8 {[%clk 0:55:16]} Rxe8 {[%clk 0:09:27]} 35.Bf7 {[%clk 0:54:58]}
f5 {[%clk 0:08:17]} 36.Qxf5 {[%clk 0:49:27]} Re2+ {[%clk 0:06:45]}
37.Kg1 {[%clk 0:49:55]} Qe5 {[%clk 0:07:01]} 38.g5+ {[%clk 0:50:15]}
Kg7 {[%clk 0:07:28]} 39.Qf6+ {[%clk 0:50:34]} Qxf6 {[%clk 0:07:53]}
40.gxf6+ {[%clk 1:21:01]} Kxf6 {[%clk 0:38:19]} 41.c7 {[%clk 1:21:27]}
d3 {[%clk 0:38:31]} 42.c8Q {[%clk 1:21:54]} d2 {[%clk 0:38:57]}
43.Qh8+ {[%clk 1:22:18]} Kg5 {[%clk 0:39:19]} 44.Qd4 {[%clk 1:22:40]} 1-0

[Event "Russian Higher League 2021"]
[Site "?"]
[Date "2021.06.29"]
[Round "4.8"]
[White "Rozum, Ivan"]
[Black "Paravyan, David"]
[Result "0-1"]
[WhiteElo "2549"]
[BlackElo "2629"]
[Annotator ""]
[Source ""]
[Remark ""]

1.Nf3 {[%clk 1:30:45]} d5 {[%clk 1:30:54]} 2.g3 {[%clk 1:30:54]}
Nf6 {[%clk 1:31:15]} 3.Bg2 {[%clk 1:31:17]} c5 {[%clk 1:31:25]}
4.O-O {[%clk 1:31:36]} e6 {[%clk 1:31:32]} 5.d4 {[%clk 1:29:13]}
cxd4 {[%clk 1:31:55]} 6.b3 {[%clk 1:26:31]} Bc5 {[%clk 1:21:56]}
7.Bb2 {[%clk 1:24:50]} Qe7 {[%clk 1:22:10]} 8.Ne5 {[%clk 1:10:49]}
Nc6 {[%clk 0:47:17]} 9.Nxc6 {[%clk 1:09:39]} bxc6 {[%clk 0:47:32]}
10.Bxd4 {[%clk 1:10:03]} Bxd4 {[%clk 0:47:59]} 11.Qxd4 {[%clk 1:10:28]}
e5 {[%clk 0:48:26]} 12.Qb2 {[%clk 1:02:25]} h5 {[%clk 0:43:53]}
13.c4 {[%clk 0:55:58]} h4 {[%clk 0:42:43]} 14.cxd5 {[%clk 0:55:37]}
cxd5 {[%clk 0:43:07]} 15.Rd1 {[%clk 0:52:59]} Bb7 {[%clk 0:41:32]}
16.Qa3 {[%clk 0:50:11]} h3 {[%clk 0:41:09]} 17.Bh1 {[%clk 0:43:21]}
Qxa3 {[%clk 0:31:09]} 18.Nxa3 {[%clk 0:43:20]} O-O-O {[%clk 0:21:55]}
19.e3 {[%clk 0:41:55]} e4 {[%clk 0:21:20]} 20.f3 {[%clk 0:38:45]}
Kb8 {[%clk 0:16:47]} 21.Rac1 {[%clk 0:35:28]} Nh7 {[%clk 0:13:34]}
22.g4 {[%clk 0:27:13]} Ng5 {[%clk 0:10:59]} 23.Kf2 {[%clk 0:21:33]}
exf3 {[%clk 0:05:56]} 24.Bxf3 {[%clk 0:20:44]} Rh6 {[%clk 0:04:21]}
25.Be2 {[%clk 0:19:33]} Re8 {[%clk 0:04:11]} 26.Rd4 {[%clk 0:14:28]}
Rf6+ {[%clk 0:02:33]} 27.Rf4 {[%clk 0:14:54]} Ne4+ {[%clk 0:02:06]}
28.Kg1 {[%clk 0:12:32]} Rxf4 {[%clk 0:01:30]} 29.exf4 {[%clk 0:13:00]}
d4 {[%clk 0:00:41]} 30.Bb5 {[%clk 0:10:07]} Rh8 {[%clk 0:00:58]}
31.Nb1 {[%clk 0:03:37]} Rh4 {[%clk 0:01:14]} 32.Be2 {[%clk 0:04:05]}
d3 {[%clk 0:00:53]} 33.Bd1 {[%clk 0:04:26]} f5 {[%clk 0:00:32]}
34.Rc4 {[%clk 0:03:10]} fxg4 {[%clk 0:00:41]} 35.Nc3 {[%clk 0:03:26]}
Nd2 {[%clk 0:00:31]} 36.Rd4 {[%clk 0:03:10]} g3 {[%clk 0:00:58]}
37.Rxd3 {[%clk 0:03:11]} gxh2+ {[%clk 0:01:23]} 38.Kxh2 {[%clk 0:03:26]}
Nf1+ {[%clk 0:01:49]} 0-1